| 000 | 00803nam a22002657a 4500 | ||
|---|---|---|---|
| 001 | 7285 | ||
| 003 | FISKH | ||
| 005 | 20250807160544.0 | ||
| 008 | 250708b cb ||||| |||| 00| 0 eng d | ||
| 020 | _a9781595152657 | ||
| 040 |
_aFISKH _beng _cFISKH _dFISKH |
||
| 050 | _aGC21.5 .W45 | ||
| 082 | _a551.48 | ||
| 100 | _aWhitehouse, Patricia | ||
| 245 |
_aBack to the sea : _bReaders for writers / _cPatricia Whitehouse |
||
| 260 |
_aMinnesota : _bRourke Publishing, _c2004. |
||
| 300 |
_a16 pages : _bcolor illustrations ; _c20 cm |
||
| 505 | _aN | ||
| 520 | _aDescribes the water cycle and the constant motion of water. | ||
| 521 | 8 |
_a590
_bLexile |
|
| 521 | 8 |
_aN
_bRaz-Plus |
|
| 650 |
_aBodies of water _vEarth Science _xPhysical science |
||
| 942 |
_2ddc _cBK _n0 |
||
| 999 |
_c7285 _d7285 |
||